| 000 | 01202ncm a2200349 c 4500 | ||
|---|---|---|---|
| 999 |
_c350492 _d350492 |
||
| 003 | BLK | ||
| 005 | 20241023005402.0 | ||
| 008 | 180414b bul |a|er|||| |0| c|bulo| | ||
| 010 | _aNOT00001237000 | ||
| 040 | _aBLK | ||
| 041 |
_aDEU _cDEU |
||
| 080 |
_aКонцерт за фагот и оркестър _b785.6:788.8 _z785.6:788.8 |
||
| 100 |
_aВебер, Карл Мария фон _eпърви автор _9276870 |
||
| 139 |
_aВебер, Карл Мария фон _bВ 34 |
||
| 245 | 1 | 0 |
_aКонцерт для фагота с оркестром _bКлавир _cКарл Мария фон Вебер; Carl Maria von Weber. _sОп. 75 |
| 257 | _aRUS | ||
| 260 |
_bМузыка _c1982 _9402764 _aМосква |
||
| 300 |
_a31 с. _c29 см |
||
| 380 | _a7 | ||
| 650 | 0 |
_aФагот - концерти _9403245 |
|
| 653 | _aконцерти | ||
| 653 | _aфагот | ||
| 700 |
_aWeber, Carl Maria von _e* _9353181 |
||
| 852 |
_aЦБ М ІІ 9040 _p0 |
||
| 856 | 4 |
_qpdf _u |
|
| 856 | 4 |
_qpdf _u |
|
| 942 |
_cNOT _n0 _s1 |
||
| 944 |
_aCR _c15.06.2005 _k _lCRON CRON |
||
| 944 |
_aED _c29.09.2017 _kИрена_Линкова |
||
| 999 | _d350492 | ||
| 999 | _d301491 | ||